000 00255nam a2200109Ia 4500
008 190216s9999||||xx |||||||||||||| ||und||
100 _aGandhi Mk
245 4 _aThe Gospll Of Swadeshi
260 _bBharatiya Vidya Bhavan
650 _aEnglish
942 _cBK
999 _c12070
_d12070